Adult Jokes in Spongebob Squarepants Quiz Stats

 Plays Quiz not verified by Sporcle

Score 0/12 Timer 06:00
2 Plays Today
% Correct
Drunk
88.3%
Condom
78.7%
Slot
75.9%
Suicide
70.9%
Porn
59.2%
Curse word
58.2%
Drop
56.7%
Panty raid
45%
Patricia
44%
Genius
36.2%
Cheeks
19.1%
Wiener
15.6%

You're not logged in!

Compare scores with friends on all Sporcle quizzes.
OR
Log In

Sporcle TV

Today on Sporcle TV


Watch our educational content, quiz creation guides, and fun videos on Sporcle TV.

Show Comments

Extras

Top Quizzes Today


Score Distribution

Your Account Isn't Verified!

In order to create a playlist on Sporcle, you need to verify the email address you used during registration. Go to your Sporcle Settings to finish the process.

Report this User

Report this user for behavior that violates our Community Guidelines.

Details: